| 000 | 00478nam a2200157Ia 4500 | ||
|---|---|---|---|
| 008 | 210716s2010 xx 000 0 und d | ||
| 020 | _a9788184893922 | ||
| 041 | _aeng | ||
| 082 | _a004.65 WAIA | ||
| 100 | _aLoo, Alfred Wai Sing. | ||
| 245 |
_aPeer to peer computing: building supercomputers with web technologies. _bBuilding supercomputers with web technologies. |
||
| 250 | _a1 | ||
| 260 |
_aNew Delhi _bSpringer _c2010 |
||
| 300 | _ax,268 | ||
| 650 | _aComputer Networks | ||
| 999 |
_c190442 _d190442 |
||